000 00329nam a2200133Ia 4500
008 221030s9999 xx 000 0 und d
041 _aEnglish
100 _aS. Brown
245 0 _aFundamentals of Digital Logic With VHDL Design
_cby S. Brown, Z. Vranesic
260 _c0
650 _aB
700 _aZ. Vranesic
942 _cBK
999 _c14097
_d14097